BIBLIOTECA

SENCICO

Manual de aire acondicionado : (Registro nro. 2626)

Detalles MARC
000 -LEADER
fixed length control field 02622nam a2200265Ia 4500
003 - CONTROL NUMBER IDENTIFIER
control field PE SENCICO BE
005 - DATE AND TIME OF LATEST TRANSACTION
control field 20251020182548.0
008 - FIXED-LENGTH DATA ELEMENTS--GENERAL INFORMATION
fixed length control field 200515s9999 xx 000 0 und d
040 ## - CATALOGING SOURCE
Original cataloging agency PE SENCICO BE
Transcribing agency PE SENCICO BE
041 ## - LANGUAGE CODE
Language code of text/sound track or separate title spa
082 ## - DEWEY DECIMAL CLASSIFICATION NUMBER
Classification number 697.93
Item number C1
110 1# - MAIN ENTRY--CORPORATE NAME
9 (RLIN) 1378
Corporate name or jurisdiction name as entry element Carrier International Limited
245 10 - TITLE STATEMENT
Title Manual de aire acondicionado :
Remainder of title (handbook of air conditioning system design) /
Statement of responsibility, etc. Carrier International Limited
250 ## - EDITION STATEMENT
Edition statement [1a ed.]
260 ## - PUBLICATION, DISTRIBUTION, ETC.
Place of publication, distribution, etc. Barcelona :
Name of publisher, distributor, etc. Marcombo ediciones técnicas,
Date of publication, distribution, etc. 2012
300 ## - PHYSICAL DESCRIPTION
Extent paginación variada :
Other physical details il., diagrs. ;
Dimensions 27 cm.
505 0# - FORMATTED CONTENTS NOTE
Formatted contents note Estimación de la carga térmica: análisis del local y estimación de la carga -- condiciones de proyecto -- almacenamiento de calor, no simultaneidad y estratificación -- ganancias por insolación de las superficies de vidrio. radiación solar directa y difusa -- transmisión de calor y de vapor de agua a través de las estructuras del edificio -- infiltraciones y ventilación -- ganancias interiores y ganancias debidas a la instalación -- empleo del diagrama psicrométrico -- condiciones de bienestar -- distribución del aire: elementos para el tratamiento del aire -- proyecto de conductos de aire -- distribución de aire en espacios acondicionados -- proyecto de la tubería: proyecto de la tubería -- tuberías de agua -- refrigerantes, salmueras, aceites: refrigerantes -- salmueras -- tratamiento de aguas: tratamientos del agua: generalidades -- control de incrustaciones y depósitos -- control de la corrosión -- control de lodos y algas -- sistema de tratamiento de aguas -- equipo de tratamiento del aire: ventiladores -- aparatos de acondicionamiento de aire ++ filtros -- equipo de refrigeración: compresores -- máquina de refrigeración por absorción -- evaporadores -- condensadores -- equipo auxiliar; bombas centrífugas -- motores eléctricos -- calderas -- sistema de acondicionamiento y sus aplicaciones: sistema de acondicionamiento y sus aplicaciones -- sistemas todo aire: sistemas todo aire -- sistema de inducción -- sistema de unidad multizona -- sistema de caudal de aire variable (vav) -- sistemas refrigerante-aire -- sistemas todo-agua: sistemas de fan-coils -- suelo radiante -- temas especiales: bomba de calor -- cogeneración de calor y electricidad -- energía geotérmica -- introducción a la energía solar
650 10 - SUBJECT ADDED ENTRY--TOPICAL TERM
Topical term or geographic name entry element Aire acondicionado
9 (RLIN) 53
650 20 - SUBJECT ADDED ENTRY--TOPICAL TERM
Topical term or geographic name entry element Ingeniería térmica
9 (RLIN) 1379
650 20 - SUBJECT ADDED ENTRY--TOPICAL TERM
Topical term or geographic name entry element Sistemas de refrigeración
9 (RLIN) 525
650 20 - SUBJECT ADDED ENTRY--TOPICAL TERM
Topical term or geographic name entry element Condensadores
9 (RLIN) 556
650 20 - SUBJECT ADDED ENTRY--TOPICAL TERM
Topical term or geographic name entry element Evaporadores
9 (RLIN) 558
650 20 - SUBJECT ADDED ENTRY--TOPICAL TERM
Topical term or geographic name entry element Calderas
9 (RLIN) 1380
942 ## - ADDED ENTRY ELEMENTS (KOHA)
Koha item type Libros
Source of classification or shelving scheme Dewey Decimal Classification
Existencias
Fecha de la última vez que lo usaron Número de ingreso o de inventario Pago total Signatura topográfica completa Código de barras Precio efectivo desde Tipo de documento Estado perdido Sistema de clasificación Estado dañado No es para préstamo Retirado Ubicación permanente Ubicación actual Fecha de adquisición Fuente de adquisición Enumeración en serie / cronología
18/11/2025     697.93/C1 BibZareq25112563 18/11/2025 Libros   Dewey Decimal Classification       Biblioteca Arequipa Biblioteca Arequipa     D74
17/08/2023 16632   697.93/C1 BibLima26012628 17/08/2023 Libros   Dewey Decimal Classification       Biblioteca Central Lima Biblioteca Central Lima 03/08/2023 Comprado de la librería Cydma Tech